Normal view
MARC view
Entry Uniform Title
001 - CONTROL NUMBER
- control field: 35584
003 - CONTROL NUMBER IDENTIFIER
- control field: ARRUPE
005 - DATE AND TIME OF LATEST TRANSACTION
- control field: 20170904123807.0
008 - FIXED-LENGTH DATA ELEMENTS
- fixed length control field: 170904|| aca||aabn | a|a d
040 ## - CATALOGING SOURCE
- Original cataloging agency: ARRUPE
- Transcribing agency: ARRUPE
130 ## - HEADING--UNIFORM TITLE
- Uniform title: Bible.N.T.
- Name of part/section of a work: Galatians
- Form subdivision: Commentaries.
670 ## - SOURCE DATA FOUND
- Source citation: Work cat.: (ARRUPE)0: Perkins, Pheme. 16887, Abraham's divided children :, c2001.